Elektronický systém riadenia prípravy pracovnej zmesi vznetového motora

Uložené v:
Podrobná bibliografia
Hlavný autor: Mokrý, Jakub (Autor)
Ďalší autori: Bucz, Štefan (Vedúci práce)
Médium: Rukopis Kniha
Jazyk:Slovak
Vydavateľské údaje: Bratislava : STU v Bratislave FEI, 2020
Predmet:
On-line prístup:https://opac.crzp.sk/?fn=ResultFormChild0004F398&seo=CRZP-Zoznam-z%C3%A1znamov
Tagy: Pridať tag
Žiadne tagy, Buďte prvý, kto otaguje tento záznam!

MARC

LEADER 00000ntm a22000003a 4500
001 stuzp66156
003 SK-STU
005 20200921143157.7
007 ta
008 150427s2015----xo-----f-mn---000-0-slo-d
040 |a STU  |b slo 
041 0 |a slo 
044 |a xo 
100 1 |a Mokrý, Jakub  |u 030400  |4 aut  |U FEI Fakulta elektrotechniky a informatiky  |T FEI Ústav automobilovej mechatroniky  |X 74997  |U E400  |Y 642  |7 74997 
242 0 1 |a Fuel mixture electronic management of diesel engine  |y eng 
245 1 0 |a Elektronický systém riadenia prípravy pracovnej zmesi vznetového motora 
260 |c Bratislava :  |c STU v Bratislave FEI,  |c 2020 
300 |a 74 s. 
650 4 |a Common-rail  |2 slo 
650 4 |a Vstrekovacie čerpadlo  |2 slo 
650 4 |a Elektronický systém riadenia  |2 slo 
650 4 |a Electronic management  |2 eng 
650 4 |a Common-rail  |2 eng 
650 4 |a Injection pump  |2 eng 
700 1 |a Bucz, Štefan  |4 ths  |X 17719  |7 A000017719 
856 4 |u https://opac.crzp.sk/?fn=ResultFormChild0004F398&seo=CRZP-Zoznam-z%C3%A1znamov